EVA vyjadruje schopnosť firmy tvoriť novú hodnotu

EVA - Economic Value Added - finančná analýza pomáhajúca zistiť, či spoločnosť len prežíva alebo aj prosperuje. Zjednodušený príklad výpočtu EVA. EVA = čistý prevádzkový výsledok - celkové náklady na investovaný kapitál (vlastný aj cudzí). Čísla verzus realita.

Guardado en:
Detalles Bibliográficos
Autor principal: Žilka, Michal
Formato: Capítulo de libro
Lenguaje:eslovaco
Materias:
Etiquetas: Agregar Etiqueta
Sin Etiquetas, Sea el primero en etiquetar este registro!

MARC

LEADER 00000naa$a2200000$$$4500
001 0011805
005 20231009075022.9
041 0 |a slo 
044 |a SK 
245 1 0 |a EVA vyjadruje schopnosť firmy tvoriť novú hodnotu  |c aut. Michal Žilka 
520 |a EVA - Economic Value Added - finančná analýza pomáhajúca zistiť, či spoločnosť len prežíva alebo aj prosperuje. Zjednodušený príklad výpočtu EVA. EVA = čistý prevádzkový výsledok - celkové náklady na investovaný kapitál (vlastný aj cudzí). Čísla verzus realita. 
610 2 0 |a podnik 
610 2 0 |a ukazovateľ EVA 
610 2 0 |a hodnota pridaná ekonomická 
610 2 0 |a tvorba zisku 
610 2 0 |a náklady 
610 2 0 |a analýza finančná 
100 1 |a Žilka, Michal